00293pam a2200121a 44500008004100000041000800041100002000049245002200069260003400091300001000125440002800135650000800163230405s1967 xxu||||| |||| 00| 0 eng d aENG aFenwick,Charles aInternational Law aDELHIbVikas Pub. Housec1967 a849p. aSource =RATANAKAR MIRAJ aLAW